Estatísticas para Bairros de Belo Horizonte por IDH

Clique aqui para jogar o quiz

Estatísticas Gerais

  • Esse quiz foi jogado 113 vezes
  • A pontuação média é 14 de 33

Estatísticas das Respostas

BairroRegionalIDHM% Correto
Savassi / Boa Viagem / FuncionáriosCentro-Sul0,954
88%
Barro Preto / CentroCentro-Sul0,913
75%
Santo Agostinho / LourdesCentro-Sul0,955
69%
BelvedereCentro-Sul0,951
68%
BuritisOeste0,943
67%
Carmo / SionCentro-Sul0,946
60%
Prado / Grajaú / BarrocaOeste0,929
55%
Novo São Lucas / SerraCentro-Sul0,939
54%
Floresta / Santa TerezaLeste0,907
52%
Paquetá / Engenho Nogueira / Ouro PretoPampulha0,879
52%
Sagrada Família / Horto Florestal / Santa InêsLeste0,882
49%
Santa EfigêniaLeste0,907
49%
Cidade Nova / Nova Floresta / UniãoNordeste0,915
48%
MangabeirasCentro-Sul0,951
48%
Santo Antônio / São PedroCentro-Sul0,939
48%
Cidade Jardim / Santa Lúcia / São BentoCentro-Sul0,944
44%
Castelo / PaquetáPampulha0,905
41%
Padre EustáquioNoroeste0,885
40%
Minas Brasil / Coração EucarísticoNoroeste0,890
37%
Cruzeiro / ComitecoCentro-Sul0,951
35%
EstorilOeste0,943
35%
Santa Branca / Jardim Atlântico / Itapoã / Santa AméliaPampulha0,887
35%
BandeirantesPampulha0,905
34%
GutierrezOeste0,929
32%
JaraguáPampulha0,914
30%
Carlos PratesNoroeste0,890
29%
PlanaltoNorte0,894
28%
BetâniaOeste0,894
20%
Palmares / IpirangaNordeste0,894
20%
Alípio de Melo / Inconfidência / ManacásNoroeste0,879
18%
Dom Joaquim / Fernão DiasNordeste0,894
12%
Enseada das Garças / TrevoPampulha0,879
12%
Barreiro de Baixo / Teixeira DiasBarreiro0,894
10%

Distribuição das Pontuações

Percentil de Números Respondidos

Porcentagem de Pessoas com Cada Pontuação

Sua Pontuação Histórica

Você não jogou esse quiz